[Event "EU-chT 23rd"]
[Site "Terme Catez"]
[Date "2021.11.19"]
[Round "7.4"]
[White "Postny, Evgeny"]
[Black "Kokkila, Tero"]
[Result "1-0"]
[WhiteElo "2557"]
[BlackElo "2283"]
[PlyCount "74"]
[EventDate "2021.11.12"]
[EventType "team-swiss"]
[EventRounds "9"]
[EventCountry "SLO"]
[SourceTitle "CBM 205"]
[Source "ChessBase"]
[SourceDate "2021.12.31"]
[SourceVersion "1"]
[SourceVersionDate "2021.12.31"]
[SourceQuality "1"]
[WhiteTeam "Israel"]
[BlackTeam "Finland"]
[WhiteTeamCountry "ISR"]
[BlackTeamCountry "FIN"]

1. Nf3 Nf6 2. c4 c6 3. e3 d5 4. b3 Bg4 5. Bb2 e6 6. h3 Bh5 7. Be2 Nbd7 8. d3 Qa5+ 9. Nbd2 Ba3 10. Bxa3 Qxa3 11. 0-0 a5 12. Nd4 Bxe2 13. Qxe2 e5 14. Nb1 Qf8 15. Nf3 Qe7 16. d4 0-0 17. Nc3 Ne4 18. Rac1 Nxc3 19. Rxc3 exd4 20. Nxd4 Nf6 21. Qb2 Rfe8 22. Rc2 Qe5 23. Rfc1 Rad8 24. Qa3 dxc4 25. bxc4 Ne4 26. c5 Rd5 27. Qxa5 f5 28. Qb4 g5 29. Qxb7 Nxf2 30. Rxf2 Qxe3 31. Nb3 g4 32. hxg4 fxg4 33. Qf7+ Kh8 34. Qf4 g3 35. Qxe3 Rxe3 36. Rf3 Re2 37. a4 Rb2 1-0

[Event "EU-chT 23rd"]
[Site "Terme Catez"]
[Date "2021.11.13"]
[Round "2.17"]
[White "Kokkila, Tero"]
[Black "Kjartansson, Gudmundur"]
[Result "1/2-1/2"]
[WhiteElo "2283"]
[BlackElo "2443"]
[PlyCount "202"]
[EventDate "2021.11.12"]
[EventType "team-swiss"]
[EventRounds "9"]
[EventCountry "SLO"]
[SourceTitle "CBM 205"]
[Source "ChessBase"]
[SourceDate "2021.12.31"]
[SourceVersion "1"]
[SourceVersionDate "2021.12.31"]
[SourceQuality "1"]
[WhiteTeam "Finland"]
[BlackTeam "Iceland"]
[WhiteTeamCountry "FIN"]
[BlackTeamCountry "ISL"]

1. e4 e6 2. d4 d5 3. Nc3 Nf6 4. Bg5 dxe4 5. Nxe4 Be7 6. Bxf6 gxf6 7. Nf3 f5 8. Ned2 c5 9. Nc4 Nc6 10. dxc5 Bxc5 11. Qxd8+ Kxd8 12. c3 Bd7 13. Be2 Ke7 14. 0-0 Rhc8 15. Rfe1 b5 16. Nce5 Nxe5 17. Nxe5 Be8 18. a3 a5 19. Bf3 Rab8 20. Nd3 Bd6 21. g3 Kf6 22. Rad1 Rb6 23. Rd2 Bf8 24. Red1 Bh6 25. Nf4 Bxf4 26. gxf4 b4 27. Rd8 Rxd8 28. Rxd8 bxc3 29. bxc3 Ke7 30. Ra8 a4 31. Ra7+ Kd6 32. h4 Rb3 33. Bh5 Rxc3 34. Bxf7 Bd7 35. h5 Rxa3 36. Kg2 Bc6+ 37. Kh2 Rf3 38. h6 Rxf2+ 39. Kh3 Rf3+ 40. Kh4 Rxf4+ 41. Kg5 Rg4+ 42. Kf6 f4 43. Bh5 Rg8 44. Rxh7 Ra8 45. Re7 Bd7 46. h7 Rh8 47. Bg4 f3 48. Bxf3 a3 49. Bg4 a2 50. Rxd7+ Kxd7 51. Bxe6+ Kd6 52. Bxa2 Rxh7 53. Bb3 Rh3 54. Bc2 Rf3+ 55. Kg7 Ke7 56. Bh7 Rf7+ 57. Kh8 Kf6 58. Bc2 Rf8+ 59. Kh7 Rd8 60. Bb3 Rd7+ 61. Kh8 Kg6 62. Bc2+ Kh6 63. Bb3 Rh7+ 64. Kg8 Rb7 65. Bc2 Rg7+ 66. Kf8 Rg2 67. Bd3 Rg3 68. Bc2 Rc3 69. Bb1 Rc7 70. Bd3 Kg5 71. Kg8 Kf6 72. Kh8 Kf7 73. Be4 Re7 74. Bc2 Kf8 75. Bd3 Rc7 76. Be4 Rc4 77. Bd3 Rh4+ 78. Bh7 Rg4 79. Bc2 Kf7 80. Bb3+ Kg6 81. Bc2+ Kh6 82. Bb3 Rg7 83. Bc4 Kg6 84. Bd3+ Kf6 85. Bc2 Rc7 86. Bb1 Rc8+ 87. Kh7 Rc1 88. Bd3 Kf7 89. Bg6+ Kf6 90. Bd3 Rd1 91. Bc2 Rd7+ 92. Kh8 Rd2 93. Be4 Kf7 94. Bb1 Rh2+ 95. Bh7 Kf6 96. Kg8 Rg2+ 97. Kh8 Kf7 98. Bd3 Rg8+ 99. Kh7 Rg4 100. Kh8 Rh4+ 101. Bh7 Kf8 1/2-1/2

[Event "FIN-chT 1819"]
[Site "Finland"]
[Date "2019.02.09"]
[Round "7.5"]
[White "Kokkila, Tero"]
[Black "Nyysti, Sampsa"]
[Result "1/2-1/2"]
[WhiteElo "2226"]
[BlackElo "2307"]
[PlyCount "101"]
[EventDate "2018.09.15"]
[EventType "team-tourn"]
[EventRounds "11"]
[EventCountry "FIN"]
[SourceTitle "EXT 2021"]
[Source "ChessBase"]
[SourceDate "2020.10.23"]
[SourceVersion "1"]
[SourceVersionDate "2020.10.23"]
[SourceQuality "1"]
[WhiteTeam "Vantaa EtVaS"]
[BlackTeam "Helsinki Comeon"]
[WhiteTeamCountry "FIN"]
[BlackTeamCountry "FIN"]

1. e4 e5 2. Nf3 Nc6 3. Bb5 a6 4. Ba4 d6 5. 0-0 Bd7 6. c3 Nf6 7. Re1 g6 8. d4 Bg7 9. d5 Ne7 10. Bxd7+ Qxd7 11. c4 0-0 12. Nc3 c6 13. a4 h6 14. dxc6 Qxc6 15. b3 b5 16. Ba3 bxc4 17. Qxd6 Rfe8 18. Qxc6 Nxc6 19. bxc4 Nd4 20. Nxd4 exd4 21. Nd5 Nxe4 22. Ne7+ Rxe7 23. Bxe7 Nc3 24. Kf1 d3 25. Rad1 Nxd1 26. Rxd1 Re8 27. Bd6 Bc3 28. Bf4 Re4 29. Bxh6 Rxc4 30. Rxd3 Bg7 31. Bxg7 Kxg7 32. a5 Rc5 33. Ra3 Rc2 34. g3 g5 35. Ra4 f6 36. Kg2 Kg6 37. h3 Rb2 38. Ra1 Kf5 39. Ra3 Kg6 40. Ra4 Kf5 41. h4 gxh4 42. Rxh4 Kg5 43. Rc4 Rb5 44. Ra4 Rb2 45. Kf3 f5 46. Kg2 Rc2 47. Ra3 Rb2 48. Ra1 Rc2 49. Ra4 Rb2 50. Rc4 Rb5 51. Ra4 1/2-1/2

[Event "FIN-chT 1718"]
[Site "Finland"]
[Date "2017.10.21"]
[Round "3.4"]
[White "Kokkila, Tero"]
[Black "Pollari, Pasi"]
[Result "1-0"]
[WhiteElo "2293"]
[BlackElo "2180"]
[PlyCount "71"]
[EventDate "2017.09.16"]
[EventType "team-tourn"]
[EventRounds "11"]
[EventCountry "FIN"]
[SourceTitle "EXT 2019"]
[Source "ChessBase"]
[SourceDate "2018.10.10"]
[SourceVersion "1"]
[SourceVersionDate "2018.10.10"]
[SourceQuality "1"]
[WhiteTeam "Vantaa EtVaS"]
[BlackTeam "Helsinki HSK"]
[WhiteTeamCountry "FIN"]
[BlackTeamCountry "FIN"]

1. e4 c6 2. d4 d5 3. Nc3 dxe4 4. Nxe4 Nf6 5. Nxf6+ exf6 6. Bc4 Bd6 7. Qe2+ Be7 8. Nf3 Bg4 9. Be3 0-0 10. h3 Bf5 11. 0-0 Re8 12. Rfd1 Bd6 13. Bd3 Bc8 14. c4 Nd7 15. c5 Bc7 16. Bc4 Qe7 17. Qc2 Nf8 18. d5 cxd5 19. Bxd5 Ng6 20. Qc4 Rb8 21. Re1 Qf8 22. b4 Ne5 23. Nxe5 fxe5 24. f4 Be6 25. Bxe6 Rxe6 26. f5 Ree8 27. Rf1 Qe7 28. f6 Qe6 29. Qe4 g6 30. Qh4 Kh8 31. a4 e4 32. Rae1 Rg8 33. Bh6 Rge8 34. Bf4 Bxf4 35. Rxf4 e3 36. Qh6 1-0

[Event "EU-Cup 33rd"]
[Site "Antalya"]
[Date "2017.10.08"]
[Round "1.3"]
[White "Kokkila, Tero"]
[Black "Vitiugov, Nikita"]
[Result "0-1"]
[WhiteElo "2290"]
[BlackElo "2728"]
[PlyCount "127"]
[EventDate "2017.10.08"]
[EventType "team-swiss"]
[EventRounds "7"]
[EventCountry "TUR"]
[SourceTitle "CBM 181"]
[Source "ChessBase"]
[SourceDate "2017.11.10"]
[SourceVersion "1"]
[SourceVersionDate "2017.11.10"]
[SourceQuality "1"]
[WhiteTeam "Etela Vantaan"]
[BlackTeam "Mednyi Vsadnik"]
[WhiteTeamCountry "FIN"]
[BlackTeamCountry "RUS"]

1. e4 c5 2. Nf3 a6 3. d4 cxd4 4. Nxd4 Nf6 5. Bd3 e5 6. Nb3 d6 7. 0-0 Be7 8. c4 Nc6 9. Nc3 a5 10. Rb1 Be6 11. Bg5 Nd7 12. Bxe7 Qxe7 13. Nd5 Qd8 14. Nc1 Nc5 15. Bc2 0-0 16. Ne2 Qg5 17. a3 a4 18. f4 exf4 19. Nexf4 Qe5 20. Re1 Na5 21. Qe2 Bxd5 22. Nxd5 Nc6 23. Qf2 g6 24. Nc3 Qe6 25. Nd5 Ra5 26. Rbd1 Ne5 27. Rd4 Rc8 28. Red1 Ra6 29. h3 Kg7 30. Rf1 Ncd7 31. Nf4 Qf6 32. Qd2 Qh4 33. Rxd6 Rxd6 34. Qxd6 Rxc4 35. Bd3 Rc6 36. Qd4 Rf6 37. Nd5 Rxf1+ 38. Bxf1 Qg3 39. Bb5 Nf6 40. Qe3 Qxe3+ 41. Nxe3 Nxe4 42. Bxa4 Nd6 43. Bb3 Nd3 44. Nd1 Kf6 45. Bc2 Nf4 46. Kf2 Ke5 47. h4 Kd4 48. Kf3 Nd3 49. Bxd3 Kxd3 50. Kf4 Kc2 51. Ne3+ Kxb2 52. Ke5 Nf5 53. Nc4+ Kc3 54. g4 Kxc4 55. gxf5 gxf5 56. Kxf5 Kb3 57. h5 Kxa3 58. Kf6 b5 59. h6 b4 60. Kg7 b3 61. Kxh7 b2 62. Kg7 b1Q 63. h7 Qxh7+ 64. Kxh7 0-1

[Event "Helsinki We EtVaS A"]
[Site "Helsinki"]
[Date "2017.05.06"]
[Round "3"]
[White "Vesalainen, Petteri"]
[Black "Kokkila, Tero"]
[Result "0-1"]
[WhiteElo "2182"]
[BlackElo "2318"]
[PlyCount "80"]
[EventDate "2017.05.05"]
[EventType "swiss"]
[EventRounds "5"]
[EventCountry "FIN"]
[SourceTitle "EXT 2022"]
[Source "ChessBase"]
[SourceDate "2021.10.06"]
[SourceVersion "1"]
[SourceVersionDate "2021.10.06"]
[SourceQuality "1"]

1. d4 Nf6 2. c4 e6 3. Nc3 Bb4 4. Bg5 h6 5. Bh4 c5 6. d5 Bxc3+ 7. bxc3 d6 8. e3 Qe7 9. Bd3 Nbd7 10. dxe6 Qxe6 11. Ne2 g5 12. Bg3 Ne5 13. 0-0 Bd7 14. Qd2 Bc6 15. Rad1 0-0-0 16. Qc2 Nxd3 17. Qxd3 Rhe8 18. Rfe1 Be4 19. Qd2 Qxc4 20. f3 Bc6 21. e4 d5 22. e5 Nd7 23. f4 gxf4 24. Qxf4 Qxf4 25. Bxf4 Nxe5 26. Ng3 f6 27. Bxh6 Ba4 28. Ra1 d4 29. Ne4 Nd3 30. Re2 f5 31. Ng3 f4 32. Rxe8 Rxe8 33. Nf5 Re5 34. g4 dxc3 35. Bg7 Re2 36. Bxc3 Bc6 37. Nh4 Rc2 38. Bf6 f3 39. Bg5 f2+ 40. Kf1 Ne5 0-1

[Event "FIN-chT 1617"]
[Site "Finland"]
[Date "2016.12.10"]
[Round "5.3"]
[White "Kokkila, Tero"]
[Black "Ristoja, Samu"]
[Result "1/2-1/2"]
[WhiteElo "2323"]
[BlackElo "2164"]
[PlyCount "137"]
[EventDate "2016.09.17"]
[EventType "team-tourn"]
[EventRounds "11"]
[EventCountry "FIN"]
[SourceTitle "EXT 2018"]
[Source "ChessBase"]
[SourceDate "2017.10.13"]
[SourceVersion "1"]
[SourceVersionDate "2017.10.13"]
[SourceQuality "1"]
[WhiteTeam "Vantaa EtVaS"]
[BlackTeam "Helsinki Garde"]
[WhiteTeamCountry "FIN"]
[BlackTeamCountry "FIN"]

1. e4 d6 2. d4 Nf6 3. Nc3 Nbd7 4. Be2 e5 5. g4 h6 6. Be3 Be7 7. h3 c6 8. a4 Qc7 9. Bf3 Nf8 10. Nge2 Ng6 11. Ng3 Nh4 12. Nf5 Bxf5 13. gxf5 d5 14. exd5 exd4 15. Bxd4 Qf4 16. Be2 Nxf5 17. Bxf6 Bxf6 18. Qd2 Qb4 19. 0-0 0-0 20. Bg4 Nh4 21. Rad1 Bg5 22. f4 f5 23. Bh5 Bf6 24. d6 Qxb2 25. Ne2 Qa3 26. Qd3 Qxa4 27. c4 Rad8 28. d7 Qb4 29. Be8 a5 30. Kh1 Qc5 31. Nd4 Bxd4 32. Qxd4 Qxd4 33. Rxd4 Rf6 34. Rb1 c5 35. Rd3 b6 36. Rdb3 Ng6 37. Rxb6 Rxb6 38. Rxb6 Nxf4 39. Rc6 Kf8 40. Rxc5 Ke7 41. Rxf5 Nxh3 42. Rf7+ Kd6 43. Rxg7 Kc5 44. Rg6 Nf2+ 45. Kg2 Ne4 46. Rxh6 Nd6 47. Rh5+ Kb4 48. Kf3 Nxe8 49. Rb5+ Ka4 50. dxe8Q Rxe8 51. Rb7 Rc8 52. Ke3 Rxc4 53. Kd3 Rc1 54. Kd2 Rc5 55. Rb1 Ka3 56. Rc1 Rd5+ 57. Kc3 Ka2 58. Rc2+ Ka3 59. Rc1 Rc5+ 60. Kd2 Rh5 61. Rc3+ Kb4 62. Rc8 a4 63. Kc2 Ka3 64. Rc7 Ka2 65. Rc8 a3 66. Rc7 Ka1 67. Rc8 Rh2+ 68. Kc1 Rg2 69. Rc7 1/2-1/2

[Event "FIN-chT 1617"]
[Site "Finland"]
[Date "2016.10.08"]
[Round "3.4"]
[White "Kokkila, Tero"]
[Black "Keinanen, Toivo"]
[Result "0-1"]
[WhiteElo "2323"]
[BlackElo "2329"]
[PlyCount "112"]
[EventDate "2016.09.17"]
[EventType "team-tourn"]
[EventRounds "11"]
[EventCountry "FIN"]
[SourceTitle "EXT 2017"]
[Source "ChessBase"]
[SourceDate "2016.10.25"]
[SourceVersion "1"]
[SourceVersionDate "2016.10.25"]
[SourceQuality "1"]
[WhiteTeam "Vantaa EtVaS"]
[BlackTeam "Espoo MatSK"]
[WhiteTeamCountry "FIN"]
[BlackTeamCountry "FIN"]

1. e4 e6 2. d4 d5 3. Nc3 Nf6 4. Bg5 Bb4 5. e5 h6 6. Be3 Ne4 7. Qg4 g6 8. a3 Bxc3+ 9. bxc3 c5 10. Bd3 h5 11. Qf4 g5 12. Qf3 Nxc3 13. dxc5 Nc6 14. Qg3 Rg8 15. Nf3 g4 16. h3 d4 17. Bd2 Qd5 18. hxg4 Ne4 19. Qf4 Nxd2 20. Kxd2 Rxg4 21. Qf6 Rxg2 22. Ke2 Qxc5 23. Rxh5 Qe7 24. Rh8+ Kd7 25. Qf4 Kc7 26. Nxd4 Nxd4+ 27. Qxd4 b6 28. Be4 Ba6+ 29. Kf3 Rxh8 30. Qd6+ Qxd6 31. exd6+ Kxd6 32. Kxg2 Rc8 33. Rd1+ Ke5 34. Bd3 Bxd3 35. Rxd3 Rxc2 36. Rd7 a5 37. Rxf7 Rc3 38. Rb7 Rb3 39. a4 Kd6 40. f3 e5 41. Kf2 Rb4 42. Ke3 Kc6 43. Re7 Rxa4 44. Re6+ Kc7 45. Rxe5 Ra1 46. Kd4 Rc1 47. f4 a4 48. f5 Kc6 49. Kd3 b5 50. Re2 Rf1 51. Re5 a3 52. Re2 Kc5 53. Kc3 Rf3+ 54. Kc2 b4 55. Re5+ Kd4 56. Re8 b3+ 0-1